00351nam a2200133 a 450000500170000000800410001702000150005805000210007310000170009424500350011126000360014630000220018265000130020420140310183200.0021127s19uu xx 00 eng d a0821756125 aPZ 7b.W365 1996 aWebb, Kathi. aNo holding back /cKathi Webb. aNew York ;bZebra Books,c1996. a159 p. :c17 cm.  aFiction.